000 00833nam a2200253Ia 4500
003 OSt
005 20220923224820.0
006 a|||||r|||| 00| 0
007 ta
008 220922b |||||||| |||| 00| 0 hin d
024 _a251,268
037 _cTextual
040 _aARTS
_cARTS
_bhin
041 _2hin
_ahin
082 _aO152,1NBHx, L8
100 _aभारद्वाज, लक्ष्मी नारायण
245 0 _aअश्वत्थामा
246 _aAshvatthāmā
260 _aदिल्ली
_b राजेश प्रकाशन
_c1978
300 _a63पृ.
_ccm.
650 _aहिन्दी साहित्य
_9156264
942 _hO152,1NBHx, L8
_cTEXL
_2CC
999 _c373863
_d373863